00896nam a22002297a 450000500170000001000150001702000260003202000230005803500130008103700130009408200140010724501420012126000450026327000630030830000250037150000500039670000230044670000250046994200280049499900170052295201270053920141121114417.0 aENG-111223 a9780198098959c875.00 a0198098952c875.00 aEN-94755 bDBAD/PUB a304.20954 aShifting ground :cedited by Mahesh Rangarajan [and] K. Sivaramakrishnanbpeople, animals and mobility in India's environmental history / aNew DelhibOxford University Pressc2014 aYMCA Library building, 1 Jai Singh RoadbNew Delhie110001 aviii,310p.c23cm(Hb) aIncludes bibliographical references and index aRangarajan, Mahesh aSivaramakrishnan, K. 2ddccENmSHIh304.20954 c90030d90030 001040718NFICaDBADbDBADd2014-11-13eDBAD/PUBg875.00l0o304.20954 SHIpEN-94755r2014-11-13 00:00:00t1v875.00yEN